000 00669nam a22002417a 4500
003 UA-OsUOA
001 20290
007 ta
008 20031020b un ||||| |||| 00| 0 ukr d
100 _aПотоцкая Наталия Павловна
090 _a8138-133.1
_bП-64
942 _cBK
040 _aUA-OsUOA
_brus
_cUA-OsUOA
_dUA-OsUOA
245 _aСтилистика современного французского языка
_bТеоретический курс
300 _a246 с.
955 _a0
041 _arus
080 _a8138-133.1
260 _aМ.
_bВысшая школа
_c1974
044 _aFR
650 7 _2UDC
999 _c306466
_d306466